| 000 | 00823cam a22002774a 4500 | ||
|---|---|---|---|
| 005 | 20260322212054.0 | ||
| 008 | data | ||
| 010 | _a 2003109496 | ||
| 020 | _a9781580423267 | ||
| 020 | _a9781580421157 | ||
| 040 |
_aDLC _cDLC _dDLC |
||
| 042 | _apcc | ||
| 050 | 0 | 0 |
_aGV1261 _b.L44 2004 |
| 082 | 0 | 0 |
_a795.4/3 _222 |
| 092 | _a795.4 Lee 2015 | ||
| 100 | 1 | _aLee, Sloane. | |
| 245 | 1 | 0 |
_a100 best solitaire games / _cSloane Lee & Gabriel Packard. |
| 246 | 3 | _aOne hundred best solitaire games | |
| 246 | 0 |
_iSubtitle on cover: _a100 ways to entertain yourself with a deck of cards |
|
| 250 | _a1st ed. | ||
| 260 |
_aNew York : _bDistributed by Simon & Schuster, _bDistributed by Simon & Schuster, _cc2015. |
||
| 300 |
_a188 p. : _bill. ; _c22 cm. |
||
| 650 | 0 | _aSolitaire (Game) | |
| 700 | 1 | _aPackard, Gabriel. | |
| 001 | data | ||
| 999 |
_c1284 _d1284 |
||